[Event "Bogota University op 8th"]
[Site "Bogota"]
[Date "2014.10.09"]
[Round "1"]
[White "Pozo Vera, Sandro"]
[Black "Nieto, Guillermo Luigui"]
[Result "1/2-1/2"]
[WhiteElo "2430"]
[BlackElo "1977"]
[PlyCount "64"]
[EventDate "2014.10.09"]
[EventType "swiss"]
[EventRounds "9"]
[EventCountry "COL"]
[SourceTitle "EXT 2015"]
[Source "ChessBase"]
[SourceDate "2014.11.20"]
[SourceVersion "1"]
[SourceVersionDate "2014.11.20"]
[SourceQuality "1"]

1. Nf3 c5 2. c4 g6 3. Nc3 Bg7 4. e3 Nf6 5. d4 cxd4 6. exd4 d5 7. cxd5 Nxd5 8. Bc4 Nb6 9. Bb3 Nc6 10. d5 Na5 11. 0-0 0-0 12. Re1 Nxb3 13. axb3 Qd6 14. Bg5 Re8 15. Ne4 Qd8 16. d6 f6 17. Be3 Bf5 18. Ng3 exd6 19. Nxf5 gxf5 20. Qd3 Qd7 21. Bxb6 axb6 22. Rxa8 Rxa8 23. Nd4 Ra5 24. f4 d5 25. b4 Ra4 26. Nxf5 Bf8 27. Ne3 Bxb4 28. Nxd5 Bc5+ 29. Kh1 Rd4 30. Nxf6+ Kg7 31. Nxd7 Rxd3 32. Nf6 Rd5 1/2-1/2